000 004380000a22001810004500
003 LK-CoMWRAF
008 230817t ||||| |||| 00| 0 eng d
040 _aLK-CoMWRAF
_dLK-CoMWRAF
_eLK-CoMWRAF
041 _aeng
082 _a021
_bRAJ
100 _aRajathurai,Annalakshmi
245 _aIru Pakkankal
_b
250 _a2nd ed.
260 _aColumbu
_bKurinchipathipakam
_c1992
300 _ap.98
650 _aliterature
942 _cBK
999 _c2658
_d2658